000 00320 a2200157 4500
001 186056
020 _a85-85722-18-5
040 _cMagnum
100 _aLoader, Mandy
240 1 0 _aThe magic ring
_lING
245 1 0 _aThe magic ring
300 _a14
362 0 _a1997
697 _aLITERATURA INGLESA
942 _cBK
999 _c186056
_d186056